000 00582nam a22001817a 4500
005 20251108172342.0
008 250721s1995 xx 000 0 ara d
082 1 4 _a332.6/حنف
100 1 _aعيد، حنفي زكي
245 1 0 _aدراسة محاسبية لجدوى المشروعات /
264 1 _aالقاهرة :
_bجامعة القاهرة - التعليم المفتوح،
_c1995.
300 _a203ص
650 1 7 _aالإستثمارات
650 1 7 _aإدارة المشاريع
700 1 _aمصطفى، صادق حامد
942 _2ddc
_cBK
999 _c76987
_d76987